UM Logo

Objective English/ (Record no. 4072)

MARC details
000 -LEADER
fixed length control field 00721nam a22002417a 4500
003 - CONTROL NUMBER IDENTIFIER
control field OSt
005 - DATE AND TIME OF LATEST TRANSACTION
control field 20160823182156.0
008 - FIXED-LENGTH DATA ELEMENTS--GENERAL INFORMATION
fixed length control field 160823b xxu||||| |||| 00| 0 eng d
020 ## - INTERNATIONAL STANDARD BOOK NUMBER
International Standard Book Number 81-317-0072-0
040 ## - CATALOGING SOURCE
Transcribing agency LIC
082 ## - DEWEY DECIMAL CLASSIFICATION NUMBER
Edition number 2007
Classification number DC 428.2496
Item number T39o
100 ## - MAIN ENTRY--PERSONAL NAME
9 (RLIN) 13554
Personal name Thorpe, Edgar
245 ## - TITLE STATEMENT
Title Objective English/
Statement of responsibility, etc. Edgar Thorpe and Showick Thorpe.
250 ## - EDITION STATEMENT
Edition statement Second Edition
260 ## - PUBLICATION, DISTRIBUTION, ETC. (IMPRINT)
Place of publication, distribution, etc. India:
Name of publisher, distributor, etc. Dorling Kindersley Pvt. Ltd.,
Date of publication, distribution, etc. c2007.
300 ## - PHYSICAL DESCRIPTION
Extent xii, 628 pages;
Dimensions 24 cm.
365 ## - TRADE PRICE
Price amount 2,576.00
Currency code Php
650 #0 - SUBJECT ADDED ENTRY--TOPICAL TERM
9 (RLIN) 13558
Topical term or geographic name as entry element English language
650 #0 - SUBJECT ADDED ENTRY--TOPICAL TERM
9 (RLIN) 13560
Topical term or geographic name as entry element Vocabulary and English usage
650 #0 - SUBJECT ADDED ENTRY--TOPICAL TERM
9 (RLIN) 13562
Topical term or geographic name as entry element Verbal and reading comprehension
700 ## - ADDED ENTRY--PERSONAL NAME
9 (RLIN) 13559
Personal name Thorpe, Showick
942 ## - ADDED ENTRY ELEMENTS (KOHA)
Source of classification or shelving scheme Dewey Decimal Classification
Koha item type Circulation
Holdings
Withdrawn status Lost status Source of classification or shelving scheme Damaged status Not for loan Collection code Home library Current library Date acquired Source of acquisition Total Checkouts Full call number Barcode Date last seen Cost, replacement price Price effective from Koha item type
    Dewey Decimal Classification     Circulation UM Digos College - LIC UM Digos College - LIC 09/01/2007 Purchased   DC 428.2496 T39o 2007 19206 04/14/2025 2576.00 08/23/2016 Circulation